000 00791nam a2200241 i 4500
001 8535
003 ES-MaACL
005 20230906145458.0
007 t|
008 920713s1990 xxu ||||1| eng d
020 _a0-8135-1569-8
080 _a613.83(73)
245 0 0 _aDrugs in Hispanic communities /
_cedited by Ronald Glick and Joan Moore.
260 _aNew Brunswick [etc.] :
_bRutgers University Press,
_ccop. 1990.
300 _aVIII, 275 p. ;
_c23 cm.
504 _aBibliogr.: p. 253-272.
650 1 4 _aDrogas-
_xConsumo-
_zEstados Unidos.
_911981
650 1 4 _aHispanoamericanos-
_zEstados Unidos-
_xConsumo de drogas.
_913369
700 1 _aGlick, Ronald,
_edir.
_9195724
700 1 _aMoore, Joan,
_edir.
_9195725
852 _aES-MaACL
_jL-15873
_bR.119662
999 _c8535
_d8535